| 000 | 00885nam a2200301Ia 4500 | ||
|---|---|---|---|
| 003 | GCL | ||
| 008 | 140319s9999 xx 000 0 ara d | ||
| 040 |
_aGCL / _cGCL |
||
| 082 | 0 | 4 |
_a330.09 _bم د |
| 100 | 1 | _aمحمد محروس اسماعيل | |
| 245 | 1 | 0 |
_aدراسات فى التطور الاقتصادى / _cمحمد محروس اسماعيل |
| 700 | 1 | _aمحمود عبدالعزيز عجمية | |
| 260 |
_a[S.N] : _bمؤسسة شباب الجامعة ، _c1992 |
||
| 300 | _a318 ص | ||
| 490 | _a | ||
| 650 | 0 | 4 | _aالنقد |
| 650 | 0 | 4 | _aمصر |
| 650 | 0 | 4 | _aتاريخ |
| 650 | 0 | 4 | _aالاقتصاد |
| 650 | 0 | 4 | _aالسياسة |
| 650 | 0 | 4 | _aالاجتماع |
| 650 | 0 | 4 | _aالنقابات |
| 650 | 0 | 4 | _aالتضخم |
| 650 | 0 | 4 | _aالثورة الصناعية |
| 650 | 0 | 4 | _aالنمو الاقتصادى |
| 650 | 0 | 4 | _aاوربا |
| 942 |
_2ddc _cBK |
||
| 999 |
_c28184 _d28184 |
||